| 000 | 01083nam a2200229Ia 4500 | ||
|---|---|---|---|
| 001 | 16090 | ||
| 003 | GE_BSU | ||
| 008 | 181216s||||||||xx |||||||||||||| ||und|| | ||
| 020 | _a978-9941-12-214-9 | ||
| 040 | _cGE_BSU | ||
| 080 | _a612.015(075.8) | ||
| 100 | _aალექსიძე, ნუგზარ | ||
| 245 | _aნორმალური და პათოლოგიური ბიოქიმია მედიკოსებისათვის. ტ. 2. | ||
| 260 | _aთბილისი | ||
| 260 | _bუნივერსალი | ||
| 260 | _c2008 | ||
| 300 | _a527-1004გვ. 24 სმ. | ||
| 300 | _eბიბლიოგრ.: გვ. 956. საგნ. საძიებელი: გვ. 957-964.ზოგიერთი ტერმინოლოგიისა და ტერმინის განმარტება: გვ. 945-949. | ||
| 541 | _h13ლ.50თ. | ||
| 653 | _aნორმალური და პათოლოგიური ბიოქიმია მედიკოსებისათვის | ||
| 942 | _cBK | ||
| 999 |
_c49179 _d49179 |
||